|
|
|
|
| LEADER |
00922njm a2200301 a 4500 |
| 001 |
000266144 |
| 003 |
CZ BrMZK |
| 005 |
19950101143423.0 |
| 008 |
950101s1993 xr f cze d |
| 028 |
0 |
3 |
|a 71 01224-2 331
|b Bonton
|
| 040 |
|
|
|a BOA001
|b cze
|
| 080 |
|
|
|a 784.4(086.7)
|2 MRF
|
| 110 |
2 |
|
|a Yo Yo Band
|7 kn20010710415
|4 prf
|
| 245 |
1 |
0 |
|a Karviná
|h [zvukový záznam] /
|c Yo Yo Band.
|
| 246 |
3 |
3 |
|a To mě láká
|
| 246 |
3 |
3 |
|a Karviná
|
| 246 |
3 |
3 |
|a Rybitví
|
| 260 |
|
|
|a Praha :
|b Bonton,
|c p1993
|
| 300 |
|
|
|a 1 CD :
|b ADD ;
|c 12 cm
|
| 306 |
|
|
|a 001157
|
| 500 |
|
|
|a Nahr. neuv
|
| 500 |
|
|
|a Durata neuv
|
| 505 |
2 |
|
|a Karviná, Rybitví, To mě láká ... [et al.]
|
| 653 |
0 |
|
|a populární hudba
|a populární písně
|a reggae
|
| 910 |
|
|
|a BOA001
|b CD-0001.261
|
| 964 |
|
|
|a Hudba populární
|x CD
|
| 990 |
|
|
|a AV
|
| 996 |
6 |
|
|b 261H001289
|c CD-0001.261
|l MZK
|r Sklad / do 24 hodin
|n 0
|w 000266144
|u 000010
|a 1
|e BOA001
|j MZK50
|s P
|